000
00207nam a22000857a 4500
999
_c
23734
_d
23734
005
20250212122702.0
008
250212b ||||| |||| 00| 0 eng d
040
_c
sk
245
_a
Mesianské hnutie a jednota Cirkvi